Weiter zum Inhalt

Компьютерная металлография лабораторный практикум

Лабораторный практикум предназначен для изучения методов обработки двухмерных изображений макро- и микроструктур и трехмерных поверхностей (изломов, трения, спекания и т.д.). Используемые пакеты программ ImageExpert Pro 2 и ImageExpert Pro 3 выполнены как 32-битное приложение ОС Windows, работающее...

Ausführliche Beschreibung

Gespeichert in:
Bibliographische Detailangaben
1. Verfasser: Крупин, Ю. А. (070)
Format: Книга
Schlagworte:
Online Zugang:Перейти к просмотру издания
Tags: Tag hinzufügen
Keine Tags, Fügen Sie den ersten Tag hinzu!
LEADER 03274nam0a2200385 4500
001 RU/IPR SMART/106936
856 4 |u https://www.iprbookshop.ru/106936.html  |z Перейти к просмотру издания 
801 1 |a RU  |b IPR SMART  |c 20250903  |g RCR 
010 |a 2227-8397 
205 |a Компьютерная металлография  |b 2025-12-16 
333 |a Гарантированный срок размещения в ЭБС до 16.12.2025 (автопролонгация) 
100 |a 20250903d2009 k y0rusy01020304ca 
105 |a y j 000zy 
101 0 |a rus 
102 |a RU 
200 1 |a Компьютерная металлография  |e лабораторный практикум  |f Ю. А. Крупин, В. Г. Сухова 
700 1 |a Крупин,   |b Ю. А.  |4 070 
701 1 |a Сухова,   |b В. Г.  |4 070 
330 |a Лабораторный практикум предназначен для изучения методов обработки двухмерных изображений макро- и микроструктур и трехмерных поверхностей (изломов, трения, спекания и т.д.). Используемые пакеты программ ImageExpert Pro 2 и ImageExpert Pro 3 выполнены как 32-битное приложение ОС Windows, работающее под управлением ОС Windows 9х/NT/2000/XP и полностью совместимое с другими приложениям ОС Windows. Практикум базируется на сочетании двух областей знаний: металлографии и компьютерной графики. В процессе выполнения работ, студенты приобретут инструментальные и профессиональные компетенции анализа структур средствами современных информационных технологий как для научных исследований, так и в практике массовой оценки качества материалов по структуре на производстве в соответствии с требованиями стандартов. Предназначен для студентов, обучающихся по направлениям «Физика» – в бакалавриате, «Прикладная информатика» и «Физика металлов» – в специалитете, «Металлургия» – в магистратуре. 
210 |a Москва  |c Издательский Дом МИСиС  |d 2009 
610 1 |a металлография 
610 1 |a компьютерная графика 
610 1 |a ИТ 
610 1 |a программа 
610 1 |a микроскоп 
610 1 |a материал 
675 |a 62 
686 |a 34.2  |2 rubbk 
300 |a Книга находится в премиум-версии IPR SMART. 
106 |a s 
230 |a Электрон. дан. (1 файл) 
336 |a Текст 
337 |a электронный 
503 0 |a Доступна эл. версия. IPR SMART 
215 |a 87 с. 
Cannot write session to /tmp/vufind_sessions/sess_0v92c6cfmdcirvmjvbuq3se8ef